000 00510nam a2200181 i 4500
001 78995
003 ES-MaACL
005 20230906173855.0
007 t|
008 041019s1970 sp ||||1| spa d
100 1 _aKirst, Hans Hellmut.
_968145
245 1 4 _aLos lobos /
_cHans Hellmut Kirst ; [traducción, Esther Donato].
250 _a[1ª ed.].
260 _a[Barcelona] :
_bDestino,
_c[1970]
300 _a584 p. ;
_c19 cm.
700 1 _aDonato, Esther.
_945294
852 _aES-MaACL
_jC-40173
_bR.76624
999 _c78995
_d78995